LEADER 01837nam a2200337 i 4500 001 000000162310 003 CaOOAMICUS 005 20220823123330.0 008 070618s2006 it u000 u ita u 013 $a139674 020 $a88-7105-212-9 040 $aSeMil$bita 100 1 $aFraccaro, Antonella <1965- >.$0(OLS)http://semarc/name/42938 245 10$aQuesta piccola vita di Nazareth che sono venuto a cercare... :$bla vita cristiana nei testi di fondazione di Charles de Foucauld /$cAntonella Fraccaro ; prefazione [di] Claudio Stercal. 260 $aMilano :$bGlossa,$c2006. 300 $aXVIII, 412 p. ;$c24 cm. 490 0 $aDissertatio. Series Mediolanensis ;$v15 500 $aContiene : Bibliografia. 650 4$aFoucauld, Charles : de - Spiritualitą.$0(OLS)http://semarc/subject/9708 650 4$aFoucauld, Charles : de - Congregazione dei Piccoli fratelli di Gesł.$0(OLS)http://semarc/subject/17781 650 4$aPiccoli Fratelli di Gesł - Regole e costituzioni.$0(OLS)http://semarc/subject/17782 650 4$aFoucauld, Charles : de - Vita cristiana.$0(OLS)http://semarc/subject/17620 700 1 $aStercal, Claudio,$d<1954- >.$0(OLS)http://semarc/name/327 830 0$aDissertatio. Series Mediolanensis ;$v15.$0(OLS)http://semarc/title/304 850 $aSeMil 852 $aSeMil$W1$xVenegono$y1$m2KA G 15$j245780$B113666$CSeMilBibl$Z2$F124292 $81 961 $aOmaggio: Glossa 996 $6020$a88-7105-212-9$9(OLS)http://semarc/number/78453 996 $6245$aQuesta piccola vita di Nazareth che sono venuto a cercare... :$bla vita cristiana nei testi di fondazione di Charles de Foucauld$9(OLS)http://semarc/title/145932 996 $6260$aMilano :$bGlossa$9(OLS)http://semarc/publisher/29635 LEADER 00968nam a2200229 4500 001 000000355108 003 CaOOAMICUS 005 20250825120137.0 008 230825s1817 it a 000 u ita r 026 $eE.NO *.** *.** **** (3) 1817 (R)$a** = caratteri greci 040 $aSeMil$bita 245 10$aT. 2. 264 1$aFirenze :$bpresso i Carli,$c1817. 300 $aIV, 418, [2] p. , [1] c. di tav., [1] c. di tav. ripieg. :$bill. ;$c4° 500 $aLa c. ?1 contiene l'errata 500 $aSegn.: ?1 [1]-14? 15² [16]-36? ?1 773 0 $aLanzi, Luigi <1732-1810>$tOpere postume dell'abate don Luigi Lanzi. Tomo 1. [-2.].$dFirenze : presso i Carli, 1817.$g2$w()355106 850 $aSeMil 852 $aSeMil$W1$xVenegono$y1$m3XC VI 20 FA$j243205$B246392$CSeMilBibl$Z2$F246392 $8I 996 $6245$aT. 2$9(OLS)http://semarc/title/296477 996 $6264$aFirenze :$bpresso i Carli$9(OLS)http://semarc/publisher/61190